Paite ngeina dan a kimawlna leh sabet - gaalbetdan / (Record no. 5731)

MARC details
000 -LEADER
fixed length control field 00593nam a22001937a 4500
003 - CONTROL NUMBER IDENTIFIER
control field GBCCL
005 - DATE AND TIME OF LATEST TRANSACTION
control field 20241126110548.0
008 - FIXED-LENGTH DATA ELEMENTS--GENERAL INFORMATION
fixed length control field 180405b ||||| |||| 00| 0 eng d
040 ## - CATALOGING SOURCE
Transcribing agency gbc
082 ## - DEWEY DECIMAL CLASSIFICATION NUMBER
Classification number VER 306.095417
Item number NEI
100 ## - MAIN ENTRY--PERSONAL NAME
Personal name Neihsial, Tualchin
9 (RLIN) 10349
245 ## - TITLE STATEMENT
Title Paite ngeina dan a kimawlna leh sabet - gaalbetdan /
Statement of responsibility, etc. Tualchin Neihsial
246 ## -
-- Paite traditional games and sports
260 ## - PUBLICATION, DISTRIBUTION, ETC.
Place of publication, distribution, etc. Lamka:
Name of publisher, distributor, etc. Author,
Date of publication, distribution, etc. 1991
300 ## - PHYSICAL DESCRIPTION
Extent 56 p.;
Dimensions 18 cm.
650 ## - SUBJECT ADDED ENTRY--TOPICAL TERM
Topical term or geographic name entry element Traditional games and sports
Form subdivision Paite
9 (RLIN) 10350
650 ## - SUBJECT ADDED ENTRY--TOPICAL TERM
Topical term or geographic name entry element Paite
Geographic subdivision India
-- North East
9 (RLIN) 10351
942 ## - ADDED ENTRY ELEMENTS (KOHA)
Source of classification or shelving scheme Dewey Decimal Classification
Koha item type Books
Koha issues (borrowed), all copies 1
Holdings
Withdrawn status Lost status Source of classification or shelving scheme Damaged status Not for loan Collection Home library Current Library Shelving location Date acquired Total checkouts Full call number Barcode Date last seen Date last checked out Copy number Price effective from Koha item type
    Dewey Decimal Classification       GRACE BIBLE COLLEGE GRACE BIBLE COLLEGE Archives 2018-04-05 1 VER 306.095417 NEI 003135 2025-05-01 2022-03-10 c.1 2018-04-05 Archives
© Grace Bible College Library 2025